| 000 | 01073cam a2200325 i 4500 | ||
|---|---|---|---|
| 999 |
_c200442736 _d60948 |
||
| 003 | TR-AnTOB | ||
| 005 | 20220311104723.0 | ||
| 007 | ta | ||
| 008 | 210810s1985 sz 000 0 eng d | ||
| 020 | _a9221037320 (1) | ||
| 020 | _a9221037339 (2) | ||
| 022 | _200746681 | ||
| 040 |
_aTR-AnTOB _beng _cTR-AnTOB _erda _dTR-AnTOB |
||
| 041 | 0 | _aeng | |
| 050 | 1 | 4 |
_bTA455.A6 _aS24 1985 |
| 090 | _aTOBBK TA455.A6 S24 1985 | ||
| 245 | 0 | 0 |
_aSafety in the use of asbestos : _breport VI / _cInternational Labour Office. |
| 264 | 1 |
_aGeneva : _bInternational Labour Office. _c1985. |
|
| 300 |
_avolumes ; _c21 cm |
||
| 336 |
_atext _btxt _2rdacontent |
||
| 337 |
_aunmediated _bn _2rdamedia |
||
| 338 |
_avolume _bnc _2rdacarrier |
||
| 500 | _aReport VI (1) -- Report VI (2). | ||
| 650 | 0 |
_aAsbestos _vCongresses _xSafety measures _9136016 |
|
| 710 | 2 |
_aInternational Labour Office _927101 |
|
| 711 |
_aInternational Labour Conference _n(71st : _d1985 : _cGeneva, Switzerland) _9131703 |
||
| 942 |
_2z _cBK |
||